| 000 | 00365nam a2200145Ia 4500 | ||
|---|---|---|---|
| 008 | 191201s2003 xx 000 0 und d | ||
| 082 |
_a621.3813 _bKUM |
||
| 100 | _aKUMAR, A | ||
| 245 | 0 | _aMicrowave Techniques Transmission Lines | |
| 250 | _aRep | ||
| 260 |
_aN.Delhi _bNew Age International Pub _c2003 |
||
| 300 | _a264 | ||
| 650 | _aB.Tech(ME) | ||
| 942 |
_2ddc _cBK |
||
| 999 |
_c1353 _d1353 |
||